Entrepreneur. (Record no. 532144)
[ view plain ]
| 000 -LEADER | |
|---|---|
| fixed length control field | 00754cas a2200265 a 4500 |
| 001 - CONTROL NUMBER | |
| control field | 11221643 |
| 003 - CONTROL NUMBER IDENTIFIER | |
| control field | NUST |
| 005 - DATE AND TIME OF LATEST TRANSACTION | |
| control field | 20191111121052.0 |
| 022 0# - INTERNATIONAL STANDARD SERIAL NUMBER | |
| International Standard Serial Number | 0163-3341 |
| ISSN-L | 0163-3341 |
| Source | 1 |
| 038 ## - RECORD CONTENT LICENSOR | |
| Staff Name | Nasira |
| 082 04 - DEWEY DECIMAL CLASSIFICATION NUMBER | |
| Classification number | 338.005 |
| 130 0# - MAIN ENTRY--UNIFORM TITLE | |
| Uniform title | Entrepreneur (Santa Monica, Calif.) |
| 9 (RLIN) | 25479 |
| 210 0# - ABBREVIATED TITLE | |
| Abbreviated title | Entrepreneur |
| 245 10 - TITLE STATEMENT | |
| Title | Entrepreneur. |
| 260 2# - PUBLICATION, DISTRIBUTION, ETC. | |
| Materials specified | 2019 |
| Place of publication, distribution, etc. | USA |
| Name of publisher, distributor, etc. | PARS International Corp, |
| 300 ## - PHYSICAL DESCRIPTION | |
| Extent | volumes : |
| Other physical details | illustrations ; |
| Dimensions | 28 cm |
| 310 ## - CURRENT PUBLICATION FREQUENCY | |
| Current publication frequency | Half-Quaterly |
| Date of current publication frequency | 2019- |
| 336 ## - CONTENT TYPE | |
| Content type term | text |
| Content type code | txt |
| Source | rdacontent |
| 337 ## - MEDIA TYPE | |
| Media type term | unmediated |
| Media type code | n |
| Source | rdamedia |
| 338 ## - CARRIER TYPE | |
| Carrier type term | volume |
| Carrier type code | nc |
| Source | rdacarrier |
| 650 #0 - SUBJECT ADDED ENTRY--TOPICAL TERM | |
| Topical term or geographic name entry element | Business |
| Form subdivision | Periodicals. |
| 9 (RLIN) | 25483 |
| 650 #0 - SUBJECT ADDED ENTRY--TOPICAL TERM | |
| Topical term or geographic name entry element | Success |
| Form subdivision | Periodicals. |
| 9 (RLIN) | 25484 |
| 650 #0 - SUBJECT ADDED ENTRY--TOPICAL TERM | |
| Topical term or geographic name entry element | Self-employed |
| Form subdivision | Periodicals. |
| 9 (RLIN) | 25485 |
| 942 ## - ADDED ENTRY ELEMENTS (KOHA) | |
| Source of classification or shelving scheme | |
| Koha item type | Continuing Resources |
| Serial record | 1 |
| Withdrawn status | Lost status | Source of classification or shelving scheme | Damaged status | Not for loan | Permanent Location | Current Location | Shelving location | Date acquired | Serial Enumeration / chronology | Total Checkouts | Full call number | Barcode | Date last seen | Price effective from | Koha item type | Date last checked out |
|---|---|---|---|---|---|---|---|---|---|---|---|---|---|---|---|---|
| Central Library (CL) | Central Library (CL) | Reference | 11/11/2019 | No. 1 | 338.005 | S-91001 | 11/11/2019 | 11/11/2019 | Continuing Resources | |||||||
| Central Library (CL) | Central Library (CL) | Reference | 11/20/2019 | No. 3 | 338.005 | S-93030 | 11/20/2019 | 11/20/2019 | Continuing Resources | |||||||
| Central Library (CL) | Central Library (CL) | Reference | 01/10/2020 | No. 8 | 1 | 338.005 | S-94054 | 12/08/2021 | 01/10/2020 | Continuing Resources | 12/07/2021 | |||||
| Central Library (CL) | Central Library (CL) | Reference | 02/19/2020 | No. 1-2 | 338.005 | S-96035 | 02/19/2020 | 02/19/2020 | Continuing Resources |
